UEFA Champions League players 2020/21 - Statistics

General Stats
  • This quiz has been taken 9 times
  • The average score is 250 of 735
Answer Stats
Rank Player Positions Nationality Matches Goals (assists) Clubs % Correct
122 Alisson GK 7 0 (0)
100%
72 Álvaro Morata FW 8 6 (1)
100%
335 Andreas Pereira MF, FW 5 0 (1)
100%
30 Andrew Robertson DF, MF 10 0 (0)
100%
31 Ángel Di María MF, FW 10 1 (4)
100%
17 Antonio Rüdiger DF 11 0 (1)
100%
673 Benjamin Mendy DF 1 0 (0)
100%
127 Benjamin Pavard DF 7 0 (2)
100%
1 Bernardo Silva MF, FW 13 1 (2)
100%
198 Bruno Fernandes MF, FW 6 4 (1)
100%
678 Carlos Fernández MF, FW 1 0 (0)
100%
33 Casemiro MF 10 1 (1)
100%
18 César Azpilicueta DF, MF 11 0 (0)
100%
35 Christian Pulisic DF, MF, FW 10 2 (2)
100%
131 Christopher Nkunku MF, FW 7 1 (1)
100%
345 Ciro Immobile FW 5 5 (1)
100%
206 Damien Da Silva DF, MF 6 0 (0)
100%
621 Dani Carvajal DF 2 0 (0)
100%
622 Daniel James MF, FW 2 1 (0)
100%
4 Danilo Pereira DF, MF, FW 12 0 (0)
100%
53 David Alaba DF, MF 9 0 (1)
100%
684 Diogo Costa GK 1 0 (0)
100%
54 Diogo Jota MF, FW 9 4 (1)
100%
220 Douglas Costa MF, FW 6 0 (1)
100%
544 Éder FW 3 1 (0)
100%
222 Éder Militão DF 6 0 (1)
100%
5 Ederson GK 12 0 (0)
100%
6 Edouard Mendy GK 12 0 (0)
100%
224 Emre Can DF, MF 6 0 (0)
100%
79 Erling Haaland FW 8 10 (2)
100%
80 Fabinho DF, MF 8 0 (0)
100%
19 Ferland Mendy DF 11 1 (0)
100%
83 Francesco Acerbi DF 8 0 (1)
100%
142 Frenkie de Jong DF, MF 7 0 (1)
100%
36 Hakim Ziyech MF, FW 10 2 (0)
100%
7 İlkay Gündoğan MF 12 3 (1)
100%
555 Isco MF, FW 3 0 (0)
100%
85 Ivan Rakitić MF 8 2 (1)
100%
243 Jadon Sancho MF, FW 6 2 (3)
100%
86 Jan Oblak GK 8 0 (0)
100%
87 Javi Martínez DF, MF 8 0 (2)
100%
145 Jérôme Boateng DF 7 1 (0)
100%
247 Jesús Navas DF, FW 6 0 (0)
100%
56 João Cancelo DF, MF 9 1 (1)
100%
89 João Félix MF, FW 8 3 (0)
100%
20 John Stones DF, MF 11 0 (0)
100%
699 Jonas Martin DF, MF 1 0 (0)
100%
8 Jorginho MF 12 1 (1)
100%
250 José Sá GK 6 0 (0)
100%
39 Jude Bellingham MF 10 1 (1)
100%
91 Julian Brandt MF, FW 8 0 (0)
100%
9 Kai Havertz MF, FW 12 1 (3)
100%
40 Karim Benzema FW 10 6 (0)
100%
92 Kevin De Bruyne MF, FW 8 3 (4)
100%
10 Keylor Navas GK 12 0 (0)
100%
153 Kingsley Coman MF, FW 7 3 (3)
100%
21 Kyle Walker DF, MF 11 0 (0)
100%
41 Kylian Mbappé MF, FW 10 8 (3)
100%
255 Lautaro Martínez FW 6 1 (1)
100%
95 Leroy Sané MF, FW 8 3 (0)
100%
257 Lionel Messi MF, FW 6 5 (2)
100%
384 Lisandro Martínez DF, MF 5 0 (0)
100%
42 Lucas Hernández DF 10 1 (0)
100%
57 Luis Díaz MF, FW 9 2 (0)
100%
11 Luka Modrić MF 12 1 (3)
100%
260 Luuk de Jong FW 6 2 (0)
100%
708 Manjrekar James DF 1 0 (0)
100%
158 Manuel Akanji DF, MF 7 0 (0)
100%
97 Manuel Neuer GK 8 0 (0)
100%
641 Marcelo DF, MF 2 0 (1)
100%
22 Marco Asensio MF, FW 11 2 (0)
100%
43 Marco Reus MF, FW 10 1 (2)
100%
642 Marcos Alonso DF, MF 2 0 (0)
100%
160 Marco Verratti MF 7 0 (2)
100%
44 Marquinhos DF, MF 10 3 (0)
100%
45 Mateo Kovačić MF 10 0 (1)
100%
710 Matheus Fernandes MF, FW 1 0 (0)
100%
59 Mats Hummels DF 9 0 (0)
100%
102 Miralem Pjanić MF 8 0 (0)
100%
47 Mohamed Salah MF, FW 10 6 (1)
100%
646 Moussa Dembélé MF, FW 2 0 (0)
100%
62 Neymar MF, FW 9 6 (2)
100%
2 N'Golo Kanté MF 13 0 (1)
100%
63 Oleksandr Zinchenko DF, MF 9 0 (1)
100%
290 Ousmane Dembélé MF, FW 6 3 (2)
100%
168 Pedri MF, FW 7 1 (1)
100%
294 Pepe DF, MF 6 0 (0)
100%
3 Phil Foden MF, FW 13 3 (3)
100%
24 Presnel Kimpembe DF 11 0 (0)
100%
25 Raheem Sterling MF, FW 11 1 (2)
100%
65 Raphaël Varane DF, MF 9 0 (0)
100%
48 Reece James DF, MF 10 0 (1)
100%
12 Riyad Mahrez MF, FW 12 4 (2)
100%
299 Robert Lewandowski FW 6 5 (0)
100%
66 Roberto Firmino MF, FW 9 0 (0)
100%
49 Rodri MF 10 0 (0)
100%
26 Rodrygo MF, FW 11 1 (1)
100%
27 Rúben Dias DF 11 0 (0)
100%
50 Sadio Mané MF, FW 10 3 (1)
100%
721 Samuel Umtiti DF 1 0 (0)
100%
307 Sergio Busquets MF 6 0 (0)
100%
416 Sergio Ramos DF 5 2 (1)
100%
114 Thiago Silva DF 8 0 (0)
100%
13 Thibaut Courtois GK 12 0 (0)
100%
67 Thomas Müller MF, FW 9 2 (2)
100%
14 Timo Werner MF, FW 12 4 (3)
100%
15 Toni Kroos MF 12 0 (2)
100%
599 Toni Martínez FW 3 0 (0)
100%
120 Aaron Ramsey MF 7 0 (0)
67%
324 Achraf Hakimi DF, MF 5 0 (1)
67%
70 Adam Marušić DF 8 0 (1)
67%
666 Aleksandar Kolarov DF 1 0 (0)
67%
183 Alessandro Bastoni DF 6 0 (1)
67%
28 Alessandro Florenzi DF, FW 10 0 (0)
67%
332 Alexis Sánchez MF, FW 5 0 (0)
67%
330 Alex Sandro DF, MF 5 0 (1)
67%
185 Alphonso Davies DF 6 0 (0)
67%
29 Ander Herrera MF 10 0 (0)
67%
123 Andreas Christensen DF, MF 7 0 (0)
67%
189 André Onana GK 6 0 (0)
67%
73 Ángel Correa MF, FW 8 0 (2)
67%
535 Ansu Fati MF, FW 3 1 (2)
67%
125 Antoine Griezmann MF, FW 7 2 (0)
67%
441 Arturo Vidal MF 4 0 (0)
67%
339 Ashley Young DF, FW 5 0 (0)
67%
341 Axel Witsel DF, MF 5 1 (0)
67%
32 Ben Chilwell DF, MF 10 1 (0)
67%
344 Bouna Sarr DF, MF, FW 5 0 (0)
67%
617 Brandon Williams DF 2 0 (0)
67%
446 Christian Eriksen MF, FW 4 0 (0)
67%
75 Clément Lenglet DF 8 0 (0)
67%
679 Cole Palmer MF, FW 1 0 (0)
67%
204 Cristiano Ronaldo MF, FW 6 4 (2)
67%
132 Cristian Romero DF 7 1 (1)
67%
133 Danilo DF, MF 7 0 (0)
67%
76 Dani Olmo MF, FW 8 1 (0)
67%
134 Dayot Upamecano DF 7 0 (0)
67%
682 Dean Henderson GK 1 0 (0)
67%
353 Dejan Lovren DF 5 0 (0)
67%
210 Demba Ba FW 6 1 (1)
67%
77 Diego Carlos DF 8 0 (0)
67%
455 Divock Origi MF, FW 4 0 (1)
67%
221 Dušan Tadić MF, FW 6 2 (3)
67%
357 Eden Hazard MF, FW 5 1 (0)
67%
458 Edinson Cavani MF, FW 4 0 (0)
67%
459 Edson Álvarez DF, MF 4 0 (0)
67%
545 Eric García DF, MF 3 0 (0)
67%
136 Eric Maxim Choupo-Moting MF, FW 7 4 (0)
67%
81 Federico Chiesa DF, MF, FW 8 4 (1)
67%
138 Federico Valverde DF, MF, FW 7 0 (0)
67%
228 Ferrán Torres MF, FW 6 4 (0)
67%
465 Franco Vázquez MF, FW 4 0 (0)
67%
143 Gabriel Jesus FW 7 2 (0)
67%
55 Georginio Wijnaldum MF, FW 9 0 (0)
67%
549 Gerard Piqué DF 3 1 (0)
67%
366 Gerson Rodrigues MF, FW 5 0 (0)
67%
144 Hannes Wolf MF, FW 7 0 (0)
67%
369 Héctor Herrera MF 5 0 (1)
67%
37 Idrissa Gana Gueye MF 10 0 (0)
67%
245 James Milner DF, MF 6 0 (0)
67%
90 Joaquín Correa MF, FW 8 3 (2)
67%
556 Joe Gomez DF 3 0 (1)
67%
248 Jordan Henderson MF 6 0 (0)
67%
147 Jordi Alba DF, MF 7 0 (2)
67%
148 Joshua Kimmich DF, MF 7 1 (4)
67%
252 Juan Cuadrado DF, MF, FW 6 0 (6)
67%
376 Julian Draxler MF, FW 5 0 (1)
67%
93 Koke MF 8 0 (0)
67%
155 Leon Goretzka MF 7 2 (2)
67%
96 Lucas Vázquez DF, MF, FW 8 0 (2)
67%
706 Luka Jović MF, FW 1 0 (0)
67%
483 Luke Shaw DF, MF 4 0 (1)
67%
264 Malang Sarr DF 6 0 (0)
67%
390 Marcelo Brozović MF 5 0 (1)
67%
159 Marcel Sabitzer MF, FW 7 0 (2)
67%
268 Marcus Rashford MF, FW 6 6 (0)
67%
99 Marcus Thuram MF, FW 8 2 (2)
67%
269 Mario Hermoso DF 6 1 (0)
67%
393 Mario Pašalić MF, FW 5 0 (1)
67%
100 Marko Grujić MF 8 0 (0)
67%
487 Marley Aké MF, FW 4 0 (0)
67%
23 Mason Mount MF, FW 11 2 (2)
67%
576 Mauro Icardi FW 3 0 (0)
67%
60 Moise Kean FW 9 3 (1)
67%
103 Nacho DF 8 0 (0)
67%
647 Nathan Aké DF, MF 2 0 (1)
67%
496 Neco Williams DF 4 0 (1)
67%
497 Nemanja Matić MF 4 0 (0)
67%
648 Nemanja Radonjić DF, MF, FW 2 0 (0)
67%
286 Nicolò Barella MF 6 0 (1)
67%
165 Niklas Süle DF 7 1 (0)
67%
167 Óliver Torres MF, FW 7 0 (1)
67%
104 Olivier Giroud FW 8 6 (0)
67%
586 Ousseynou Ba DF 3 0 (0)
67%
503 Pablo Sarabia MF, FW 4 0 (0)
67%
504 Pape Gueye DF, MF 4 0 (0)
67%
105 Papu Gómez MF, FW 8 1 (2)
67%
407 Paulo Dybala MF, FW 5 1 (0)
67%
406 Paul Pogba MF, FW 5 0 (2)
67%
587 Pedro Rodrigues MF 3 0 (0)
67%
649 Philippe Coutinho MF, FW 2 1 (0)
67%
298 Rhys Williams DF 6 0 (0)
67%
413 Romelu Lukaku FW 5 4 (0)
67%
304 Saúl Ñíguez DF, MF 6 0 (0)
67%
306 Serge Gnabry DF, MF, FW 6 0 (1)
67%
173 Sergej Milinković-Savić MF 7 0 (0)
67%
594 Sergi Gómez DF 3 0 (0)
67%
595 Sergi Roberto DF, MF 3 0 (0)
67%
516 Simon Deli DF 4 0 (0)
67%
310 Stefan de Vrij DF 6 0 (0)
67%
113 Stefan Savić DF, MF 8 0 (0)
67%
522 Thiago Alcántara MF 4 0 (0)
67%
115 Thomas Lemar MF, FW 8 0 (1)
67%
178 Thorgan Hazard DF, MF, FW 7 1 (1)
67%
116 Trent Alexander-Arnold DF 8 0 (2)
67%
16 Vinicius Júnior MF, FW 12 3 (1)
67%
429 Xherdan Shaqiri MF, FW 5 0 (0)
67%
430 Yannick Carrasco DF, MF, FW 5 1 (1)
67%
117 Yann Sommer GK 8 0 (0)
67%
118 Youssef En-Nesyri FW 8 6 (0)
67%
436 Zé Luís MF, FW 5 0 (1)
67%
182 Aaron Wan-Bissaka DF 6 0 (1)
33%
69 Abdou Diallo DF 8 0 (1)
33%
664 Adrián GK 1 0 (0)
33%
121 Adrien Rabiot MF 7 1 (1)
33%
52 Agustín Marchesín GK 9 0 (0)
33%
71 Alassane Pléa MF, FW 8 5 (2)
33%
532 Aleksei Miranchuk MF, FW 3 1 (0)
33%
610 Alexander Nübel GK 2 0 (0)
33%
438 Alexander Sørloth FW 4 1 (0)
33%
437 Alex Telles DF 4 0 (0)
33%
439 Alfred Gomis GK 4 0 (0)
33%
669 Amad Diallo MF, FW 1 0 (0)
33%
187 Amadou Haidara MF, FW 6 1 (1)
33%
334 Anatolii Trubin GK 5 0 (0)
33%
124 Angeliño DF, MF, FW 7 3 (3)
33%
337 Anthony Martial MF, FW 5 2 (1)
33%
193 Anton Miranchuk MF, FW 6 3 (0)
33%
440 Antony FW 4 1 (0)
33%
613 Ari FW 2 0 (0)
33%
338 Artem Dzyuba FW 5 1 (1)
33%
126 Arthur Melo MF 7 0 (0)
33%
340 Axel Tuanzebe DF 5 0 (0)
33%
442 Aymeric Laporte DF 4 0 (0)
33%
536 Benjamin Henrichs DF, MF 3 0 (0)
33%
74 Berat Djimsiti DF 8 0 (0)
33%
343 Boubacar Kamara DF, MF 5 0 (0)
33%
128 Breel Embolo MF, FW 7 1 (0)
33%
619 Caoimhín Kelleher GK 2 0 (0)
33%
34 Chancel Mbemba DF 10 0 (0)
33%
538 Chris Richards DF, MF 3 0 (0)
33%
539 Corentin Tolisso DF, MF 3 1 (0)
33%
348 Curtis Jones DF, MF 5 1 (2)
33%
349 Daley Blind DF, MF 5 0 (0)
33%
620 Dan-Axel Zagadou DF 2 0 (0)
33%
681 Daniele Rugani DF 1 0 (0)
33%
451 Danilo Cataldi MF 4 0 (0)
33%
350 Danilo D'Ambrosio DF 5 0 (0)
33%
351 David de Gea GK 5 0 (0)
33%
452 David Neres MF, FW 4 1 (0)
33%
209 Dejan Kulusevski MF, FW 6 0 (1)
33%
219 Donny van de Beek MF, FW 6 0 (0)
33%
356 Douglas Santos DF, MF 5 0 (0)
33%
456 Duje Ćaleta-Car DF 4 0 (0)
33%
78 Duván Zapata FW 8 3 (2)
33%
358 Edin Višća MF, FW 5 1 (2)
33%
460 Eduardo Camavinga DF, MF 4 0 (0)
33%
223 Emerson Palmieri DF, MF 6 1 (0)
33%
135 Emil Forsberg MF, FW 7 1 (1)
33%
463 Eulânio Ângelo Chipela Gomes DF, MF 4 0 (1)
33%
361 Evanilson FW 5 0 (0)
33%
137 Federico Bernardeschi DF, MF, FW 7 0 (1)
33%
363 Felipe DF 5 0 (0)
33%
690 Felipe Anderson MF, FW 1 0 (0)
33%
362 Felipe Caicedo MF, FW 5 1 (0)
33%
139 Fernandinho DF, MF 7 0 (0)
33%
140 Fernando DF, MF 7 0 (1)
33%
627 Fernando FW 2 0 (0)
33%
82 Florian Neuhaus MF 8 0 (1)
33%
229 Florian Thauvin MF, FW 6 0 (0)
33%
628 Francisco Conceição MF, FW 2 0 (0)
33%
141 Francisco Trincão MF, FW 7 0 (0)
33%
467 Fred MF, FW 4 0 (0)
33%
694 Gianluigi Buffon GK 1 0 (0)
33%
84 Gio Reyna MF, FW 8 0 (1)
33%
550 Giorgio Chiellini DF 3 0 (0)
33%
234 Hamari Traoré DF 6 0 (0)
33%
236 Hans Vanaken MF, FW 6 3 (0)
33%
368 Harry Maguire DF 5 0 (0)
33%
553 Hwang Hee-chan MF, FW 3 0 (0)
33%
238 Ibrahima Konaté DF 6 0 (0)
33%
554 Ibrahima Traoré MF, FW 3 0 (0)
33%
698 Ilaix Moriba MF, FW 1 0 (0)
33%
242 Ivan Perišić DF, MF, FW 6 1 (0)
33%
244 Jamal Musiala MF, FW 6 1 (0)
33%
88 Jean-Daniel Akpa-Akpro DF, MF, FW 8 1 (0)
33%
246 Jeremy Doku MF, FW 6 0 (0)
33%
38 Jesús Corona DF, MF, FW 10 0 (2)
33%
630 Joakim Mæhle DF, MF 2 0 (0)
33%
632 Joël Matip DF, MF 2 0 (0)
33%
373 Jonas Hofmann MF, FW 5 1 (0)
33%
249 José Luis Palomino DF 6 0 (0)
33%
477 José María Giménez DF 4 1 (0)
33%
700 Joshua Zirkzee MF, FW 1 0 (0)
33%
251 Josip Iličić MF, FW 6 1 (1)
33%
149 Jules Koundé DF 7 1 (0)
33%
253 Junior Firpo DF, MF, FW 6 0 (0)
33%
558 Karim Adeyemi MF, FW 3 1 (0)
33%
704 Kepa Arrizabalaga GK 1 0 (0)
33%
151 Kevin Kampl MF 7 0 (1)
33%
152 Kieran Trippier DF, MF 7 0 (0)
33%
480 Kostas Tsimikas DF 4 0 (0)
33%
380 Kurt Zouma DF 5 0 (0)
33%
382 Lassina Franck Traoré FW 5 1 (1)
33%
383 Layvin Kurzawa DF, MF 5 0 (0)
33%
94 Leandro Paredes MF 8 0 (1)
33%
563 Leonardo Balerdi DF 3 0 (0)
33%
256 Leonardo Bonucci DF 6 0 (0)
33%
156 Lucas Ocampos MF, FW 7 0 (0)
33%
386 Lucas Torreira MF 5 0 (0)
33%
258 Luis Alberto MF, FW 6 0 (1)
33%
157 Luis Muriel MF, FW 7 3 (0)
33%
259 Luis Suárez FW 6 0 (0)
33%
482 Luiz Felipe GK, DF 4 0 (0)
33%
638 Lukas Klostermann DF 2 0 (0)
33%
566 Luka Sučić MF, FW 3 0 (0)
33%
567 Łukasz Piszczek DF, MF 3 1 (0)
33%
263 Mahmoud Dahoud MF 6 1 (0)
33%
388 Manuel Lazzari DF 5 0 (0)
33%
389 Marc-André ter Stegen GK 5 0 (0)
33%
571 Marcel Halstenberg DF, MF, FW 3 0 (0)
33%
98 Marcos Llorente DF, MF, FW 8 1 (1)
33%
392 Marco Sportiello GK 5 0 (0)
33%
486 Mariano MF, FW 4 0 (0)
33%
270 Marlos MF, FW 6 0 (0)
33%
271 Marten de Roon DF, MF 6 0 (0)
33%
643 Martin Ødegaard MF, FW 2 0 (0)
33%
273 Marwin Hitz GK 6 0 (0)
33%
395 Mason Greenwood MF, FW 5 1 (1)
33%
161 Mateu Morey DF, MF 7 0 (0)
33%
58 Mateus Uribe MF 9 1 (1)
33%
488 Matteo Darmian DF, MF 4 1 (0)
33%
162 Matteo Pessina MF, FW 7 0 (0)
33%
101 Matthias Ginter DF, MF 8 0 (0)
33%
397 Matthijs de Ligt DF 5 0 (0)
33%
276 Mehdi Taremi MF, FW 6 2 (0)
33%
398 Merih Demiral DF 5 0 (0)
33%
712 Michael Lang DF, MF, FW 1 0 (0)
33%
399 Mikael Anderson MF, FW 5 0 (0)
33%
645 Mikkel Andersen GK 2 0 (0)
33%
579 Milan Škriniar DF, MF 3 0 (0)
33%
46 Mitchel Bakker DF, MF, FW 10 0 (0)
33%
61 Moussa Marega MF, FW 9 2 (1)
33%
493 Myrto Uzuni MF, FW 4 1 (0)
33%
494 Naby Keïta MF, FW 4 0 (0)
33%
581 Nathaniel Phillips DF 3 0 (0)
33%
163 Nemanja Gudelj DF, MF 7 0 (0)
33%
582 Neto GK 3 0 (0)
33%
164 Nico Elvedi DF 7 1 (0)
33%
287 Noa Lang MF, FW 6 1 (1)
33%
166 Nordi Mukiele DF, FW 7 1 (0)
33%
288 Noussair Mazraoui DF 6 1 (0)
33%
716 Odion Ighalo FW 1 0 (0)
33%
501 Oscar Wendt DF, MF 4 1 (0)
33%
64 Otávio MF, FW 9 1 (0)
33%
502 Ozan Kabak DF 4 0 (0)
33%
292 Patric DF 6 0 (0)
33%
506 Patson Daka MF, FW 4 0 (1)
33%
169 Pepe Reina GK 7 0 (0)
33%
106 Péter Gulácsi GK 8 0 (0)
33%
588 Pierluigi Gollini GK 3 0 (0)
33%
717 Radja Nainggolan MF 1 0 (0)
33%
718 Radu Drăgușin DF 1 0 (0)
33%
107 Rafael Tolói DF 8 0 (0)
33%
108 Rafinha MF, FW 8 0 (1)
33%
297 Rafinha DF 6 0 (0)
33%
410 Ramy Bensebaini DF, MF 5 2 (0)
33%
109 Raphaël Guerreiro DF, MF 8 1 (0)
33%
170 Remo Freuler MF 7 0 (1)
33%
110 Renan Lodi DF, FW 8 0 (0)
33%
508 Roberto Gagliardini DF, MF 4 0 (1)
33%
171 Robin Gosens DF, MF 7 1 (0)
33%
172 Rodrigo Bentancur MF 7 0 (0)
33%
510 Roman Bürki GK 4 0 (0)
33%
592 Ronald Araújo DF 3 0 (0)
33%
300 Rúben Semedo DF, MF 6 0 (0)
33%
511 Ruslan Malinovskyi MF, FW 4 0 (0)
33%
302 Ryan Gravenberch MF 6 1 (0)
33%
303 Samir Handanović GK 6 0 (0)
33%
414 Scott McTominay MF, FW 5 0 (0)
33%
655 Senad Lulić DF, MF, FW 2 0 (0)
33%
174 Sergiño Dest DF, FW 7 1 (0)
33%
175 Sergio Agüero FW 7 2 (0)
33%
111 Sérgio Oliveira MF 8 5 (0)
33%
514 Serhou Guirassy FW 4 2 (0)
33%
417 Simon Mignolet GK 5 0 (0)
33%
517 Slobodan Rajković DF 4 0 (0)
33%
309 Sory Kaba MF, FW 6 0 (1)
33%
112 Stefan Lainer DF, MF 8 0 (1)
33%
725 Stefano Sensi MF, FW 1 0 (0)
33%
311 Steve Mandanda GK 6 0 (0)
33%
518 Suso MF, FW 4 1 (0)
33%
520 Takumi Minamino MF, FW 4 0 (0)
33%
419 Tammy Abraham FW 5 1 (1)
33%
420 Thilo Kehrer DF 5 0 (0)
33%
176 Thomas Delaney MF 7 0 (0)
33%
177 Thomas Meunier DF, MF 7 0 (1)
33%
728 Thomas Strakosha GK 1 0 (0)
33%
424 Vedat Muriqi FW 5 0 (0)
33%
425 Vedran Ćorluka DF 5 0 (0)
33%
426 Victor Lindelöf DF 5 0 (0)
33%
529 Wendel MF 4 0 (0)
33%
180 Weston McKennie DF, MF 7 1 (0)
33%
319 Willi Orban DF 6 0 (0)
33%
320 Wílmar Barrios DF, MF 6 0 (0)
33%
68 Wilson Manafá DF, FW 9 0 (1)
33%
181 Wojciech Szczęsny GK 7 0 (0)
33%
431 Yassine Bounou GK 5 0 (0)
33%
119 Yussuf Poulsen MF, FW 8 1 (1)
33%
51 Zaidu Sanusi DF, FW 10 1 (0)
33%
608 Abraham Frimpong DF 2 0 (0)
0%
609 Adnan Kovačević DF 2 0 (0)
0%
531 Adrien Hunou MF, FW 3 0 (0)
0%
325 Adrien Truffert DF, MF 5 0 (0)
0%
326 Aïssa Laïdouni MF 5 0 (1)
0%
327 Alan Patrick MF 5 0 (0)
0%
665 Albert Vallci DF 1 0 (0)
0%
328 Aleksandr Erokhin MF, FW 5 1 (0)
0%
667 Aleksandr Silyanov DF, MF 1 0 (0)
0%
329 Aleksei Sutormin DF, MF 5 0 (1)
0%
184 Alexander Scholz DF 6 2 (0)
0%
331 Alexandru Epureanu DF 5 0 (0)
0%
533 Alex Oxlade-Chamberlain MF, FW 3 0 (0)
0%
668 Alfonso Pastor GK 1 0 (0)
0%
186 Álvaro González DF 6 0 (0)
0%
611 Álvaro Odriozola DF 2 0 (0)
0%
333 Alyaksandr Martynovich DF 5 0 (1)
0%
188 Anders Dreyer MF, FW 6 1 (0)
0%
670 Andrea Pinamonti FW 1 0 (0)
0%
191 Andreas Bouchalakis MF 6 0 (0)
0%
192 Andreas Ulmer DF 6 0 (0)
0%
336 Andrei Mostovoy DF, MF, FW 5 0 (0)
0%
190 André Ramalho DF 6 0 (1)
0%
671 Andriy Pyatov GK 1 0 (0)
0%
612 Angelo Stiller MF 2 0 (0)
0%
534 Ansgar Knauff DF, MF, FW 3 0 (0)
0%
672 Artem Shabanov DF 1 0 (0)
0%
194 Awer Mabil MF, FW 6 1 (0)
0%
342 Benjamin Bourigeaud MF, FW 5 0 (1)
0%
195 Benjamin Verbič MF, FW 6 0 (0)
0%
196 Berkay Özcan MF, FW 6 0 (0)
0%
614 Billy Gilmour MF 2 0 (0)
0%
674 Billy Koumetio DF 1 0 (0)
0%
443 Bohdan Liedniev MF, FW 4 0 (0)
0%
675 Bohdan Viunnyk MF, FW 1 0 (0)
0%
197 Boli Bolingoli-Mbombo DF, MF 6 0 (0)
0%
444 Bozhidar Kraev MF, FW 4 0 (0)
0%
615 Brandon Mechele DF 2 0 (0)
0%
616 Brandon Soppy DF, MF 2 0 (0)
0%
676 Brian Brobbey FW 1 0 (0)
0%
677 Bright Arrey-Mbi DF 1 0 (0)
0%
618 Bruma MF, FW 2 0 (0)
0%
129 Callum Hudson-Odoi DF, MF, FW 7 2 (0)
0%
537 Carles Aleñá MF, FW 3 0 (0)
0%
199 Carlos de Pena MF, FW 6 1 (0)
0%
445 Carlos Ponck DF, MF 4 0 (0)
0%
200 Charles De Ketelaere MF, FW 6 2 (0)
0%
130 Christoph Kramer MF 7 0 (0)
0%
201 Cican Stankovic GK 6 0 (0)
0%
346 Clément Grenier MF 5 0 (0)
0%
202 Clinton Mata DF 6 0 (0)
0%
347 Colin Dagba DF, MF 5 0 (0)
0%
203 Cristian Ramírez DF, MF 6 1 (0)
0%
447 Dalbert Henrique DF, MF 4 0 (0)
0%
205 Daler Kuzyaev DF, MF 6 0 (0)
0%
680 Daniel Høegh DF 1 0 (0)
0%
448 Daniil Kulikov MF 4 0 (0)
0%
623 Daniil Shamkin MF 2 0 (0)
0%
449 Daniil Utkin MF, FW 4 0 (0)
0%
540 Danijel Aleksić MF, FW 3 0 (0)
0%
624 Danila Prokhin DF 2 0 (0)
0%
450 Danil Krugovoy DF, MF 4 0 (0)
0%
207 Darío Benedetto MF, FW 6 0 (0)
0%
541 David Okereke MF, FW 3 0 (0)
0%
352 Dávid Sigér MF 5 0 (0)
0%
453 Davit Khocholava DF 4 0 (0)
0%
208 Davy Klaassen MF 6 0 (0)
0%
211 Dénes Dibusz GK 6 0 (0)
0%
354 Denis Zakaria DF, MF 5 0 (0)
0%
212 Deniz Turuc MF, FW 6 1 (1)
0%
454 Dentinho MF, FW 4 1 (0)
0%
683 Denys Boyko GK 1 0 (0)
0%
355 Denys Harmash MF, FW 5 0 (0)
0%
213 Denys Popov DF 6 1 (0)
0%
214 Dimitri Payet MF, FW 6 2 (0)
0%
542 Diogo Leite DF 3 0 (0)
0%
543 Dion Cools DF, MF, FW 3 0 (0)
0%
216 Dmitrii Rybchinskii DF, MF 6 0 (0)
0%
215 Dmitri Zhivoglyadov DF 6 0 (1)
0%
217 Dodô DF 6 0 (0)
0%
218 Dominik Szoboszlai MF, FW 6 2 (0)
0%
457 Éder Álvarez Balanta DF, MF, FW 4 0 (0)
0%
359 Eduard Sobol DF, MF, FW 5 0 (0)
0%
625 Eduard Spertsyan MF, FW 2 0 (0)
0%
685 Eldar Ćivić DF, FW 1 0 (0)
0%
461 Emmanuel Dennis MF, FW 4 1 (1)
0%
686 Emre Kaplan DF 1 0 (0)
0%
225 Endre Botka DF, FW 6 0 (0)
0%
226 Enock Mwepu MF, FW 6 0 (0)
0%
462 Enzo Crivelli FW 4 0 (0)
0%
360 Erik Sviatchenko DF 5 0 (0)
0%
687 Ethan Horvath GK 1 0 (0)
0%
464 Evander MF, FW 4 0 (0)
0%
688 Fabio Depaoli DF, MF 1 0 (0)
0%
227 Fabio Vieira MF, FW 6 1 (0)
0%
626 Faitout Maouassa DF, MF, FW 2 0 (0)
0%
689 Faustino Anjorin MF, FW 1 0 (0)
0%
546 Federico Ricca DF, MF 3 0 (0)
0%
691 Felix Nmecha MF, FW 1 0 (1)
0%
364 Felix Passlack DF, MF 5 0 (0)
0%
547 Flavien Tait MF, FW 3 0 (0)
0%
365 Franck Boli FW 5 2 (0)
0%
466 François Kamano MF, FW 4 0 (0)
0%
230 Frank Onyeka MF 6 0 (0)
0%
468 Fredrik Gulbrandsen MF, FW 4 0 (0)
0%
548 Fyodor Smolov MF, FW 3 0 (0)
0%
692 Georginio Rutter MF, FW 1 1 (0)
0%
231 Gergő Lovrencsics DF, FW 6 0 (0)
0%
629 Gerzino Nyamsi DF 2 0 (0)
0%
693 Gianluca Frabotta DF, MF 1 0 (0)
0%
232 Giorgos Masouras MF, FW 6 0 (0)
0%
367 Giuliano de Paula MF, FW 5 0 (0)
0%
469 Gonzalo Escalante MF 4 0 (0)
0%
470 Grzegorz Krychowiak MF 4 0 (0)
0%
233 Guilherme Marinato GK 6 0 (0)
0%
551 Gustav Isaksen MF, FW 3 0 (0)
0%
235 Hans Hateboer DF, MF 6 0 (2)
0%
552 Hasan Ali Kaldırım DF, FW 3 0 (0)
0%
471 Heorhiy Bushchan GK 4 0 (0)
0%
695 Heorhiy Sudakov MF 1 0 (0)
0%
472 Hillel Soudani MF, FW 4 0 (0)
0%
237 Hiroki Sakai DF, MF 6 0 (0)
0%
696 Hugo Duro MF, FW 1 0 (0)
0%
697 Ignace Van Der Brempt DF, MF, FW 1 0 (0)
0%
370 Igor Smolnikov DF, MF 5 0 (0)
0%
371 Ihor Kharatin DF, MF 5 1 (0)
0%
239 Illia Zabarnyi DF 6 0 (0)
0%
240 İrfan Kahveci MF, FW 6 3 (1)
0%
241 Isael MF, FW 6 0 (0)
0%
473 James Lea Siliki MF, FW 4 0 (0)
0%
474 Jens Cajuste MF 4 0 (1)
0%
475 Jérôme Onguéné DF 4 0 (0)
0%
476 Jesper Hansen GK 4 0 (0)
0%
146 Joan Jordán MF 7 0 (1)
0%
631 João Mário Lopes DF, MF 2 0 (0)
0%
372 Joel Andersson DF, MF 5 0 (0)
0%
633 Johan Mojica DF 2 0 (0)
0%
374 Jordan Amavi DF 5 0 (0)
0%
375 José Holebas DF, MF 5 0 (0)
0%
701 Juan Mata MF, FW 1 0 (0)
0%
702 Júnior Caiçara DF 1 0 (0)
0%
557 Júnior Moraes MF, FW 3 0 (0)
0%
478 Jurgen Ekkelenkamp MF, FW 4 0 (0)
0%
703 Jurriën Timber DF 1 0 (0)
0%
150 Justin Kluivert MF, FW 7 1 (0)
0%
254 Kaio Pantaleão DF, MF 6 0 (0)
0%
479 Karim Rekik DF 4 0 (0)
0%
559 Kevin Strootman MF 3 0 (0)
0%
560 Klaas-Jan Huntelaar FW 3 0 (0)
0%
561 Koka FW 3 1 (0)
0%
634 Konrad De La Fuente MF, FW 2 0 (0)
0%
377 Kostas Fortounis MF, FW 5 0 (0)
0%
378 Krépin Diatta DF, MF, FW 5 0 (0)
0%
379 Kristoffer Olsson MF, FW 5 0 (1)
0%
154 Lars Stindl MF, FW 7 2 (2)
0%
381 Lasha Dvali DF 5 0 (0)
0%
562 Lasse Vibe MF, FW 3 0 (0)
0%
635 László Bénes MF, FW 2 0 (0)
0%
481 Lazar Ranđelović MF, FW 4 0 (0)
0%
705 Leighton Clarkson MF 1 0 (0)
0%
636 Leon Musayev DF, MF 2 0 (0)
0%
637 Leon Sabua FW 2 0 (0)
0%
564 Luca Pfeiffer MF, FW 3 0 (0)
0%
385 Lucas Leiva MF 5 0 (1)
0%
565 Luis Henrique DF, MF, FW 3 0 (0)
0%
261 Maciej Rybus DF, MF 6 0 (0)
0%
387 Magomed Ozdoyev MF 5 0 (0)
0%
262 Magomed-Shapi Suleymanov MF, FW 6 1 (0)
0%
568 Mahmut Tekdemir MF 3 0 (0)
0%
639 Majeed Ashimeru MF 2 0 (0)
0%
707 Maksim Mukhin MF 1 0 (0)
0%
569 Malcom MF, FW 3 0 (0)
0%
570 Mamadou Loum DF, MF 3 0 (0)
0%
265 Manor Solomon MF, FW 6 2 (0)
0%
266 Marcel Heister DF 6 0 (0)
0%
391 Marco Parolo MF 5 2 (0)
0%
484 Marcos Acuña DF, MF, FW 4 0 (1)
0%
485 Marcos Antônio MF 4 0 (0)
0%
640 Marc Roca MF 2 0 (0)
0%
267 Marcus Berg FW 6 2 (0)
0%
572 Marious Vrousai DF, MF, FW 3 0 (1)
0%
272 Martin Braithwaite MF, FW 6 3 (1)
0%
394 Martin Škrtel DF 5 0 (0)
0%
573 Martin Terrier MF, FW 3 0 (0)
0%
574 Masaya Okugawa MF, FW 3 1 (0)
0%
709 Mateo Musacchio DF 1 0 (0)
0%
575 Mathieu Valbuena MF, FW 3 0 (1)
0%
396 Mats Rits MF 5 0 (0)
0%
644 Matteo Ruggeri DF, MF 2 0 (0)
0%
711 Mattia Caldara DF 1 0 (0)
0%
489 Matvei Safonov GK 4 0 (0)
0%
274 Maximilian Wöber DF 6 0 (0)
0%
275 Maycon MF 6 0 (1)
0%
577 M'Baye Niang MF, FW 3 0 (0)
0%
490 Mehmet Topal DF, MF 4 1 (0)
0%
277 Mergim Berisha MF, FW 6 4 (1)
0%
278 Mert Günok GK 6 0 (0)
0%
578 Michal Krmenčík FW 3 0 (0)
0%
279 Mickaël Cuisance MF, FW 6 0 (0)
0%
280 Miha Blažič DF 6 0 (0)
0%
281 Mikhail Kerzhakov GK 6 0 (0)
0%
400 Mohamed Camara MF 5 0 (0)
0%
491 Mohamed Camara MF, FW 4 1 (0)
0%
713 Mohamed Dräger DF 1 0 (0)
0%
282 Mohamed Fares DF, MF, FW 6 0 (0)
0%
714 Mohammed Kudus MF, FW 1 0 (0)
0%
283 Morgan Sanson MF 6 0 (0)
0%
284 Munir El Haddadi MF, FW 6 1 (0)
0%
401 Murilo Cerqueira DF, MF 5 0 (0)
0%
492 Mykola Matviyenko DF 4 0 (0)
0%
402 Mykola Shaparenko MF, FW 5 0 (0)
0%
580 Nacer Chadli MF, FW 3 0 (0)
0%
495 Nayef Aguerd DF 4 0 (0)
0%
498 Nicolas Madsen MF, FW 4 0 (0)
0%
285 Nicolás Tagliafico DF 6 0 (0)
0%
583 Nico Schulz DF, MF, FW 3 0 (0)
0%
715 Nikita Iosifov MF 1 0 (0)
0%
499 Noah Okafor MF, FW 4 0 (0)
0%
403 Odilon Kossounou DF 5 0 (0)
0%
584 Oleksandr Andriyevskyi MF 3 0 (0)
0%
500 Oleksandr Karavayev DF, MF, FW 4 0 (0)
0%
404 Oleksandr Zubkov MF, FW 5 0 (1)
0%
405 Óscar Mingueza DF, MF 5 0 (1)
0%
289 Óscar Rodríguez Arnaiz MF, FW 6 0 (2)
0%
585 Oussama Idrissi MF, FW 3 0 (1)
0%
291 Pape Abou Cissé DF 6 0 (0)
0%
505 Patrick Herrmann DF, MF, FW 4 0 (0)
0%
293 Paulinho DF, MF 6 0 (0)
0%
295 Perr Schuurs DF 6 0 (0)
0%
408 Pione Sisto MF, FW 5 0 (0)
0%
409 Quincy Promes DF, MF, FW 5 0 (1)
0%
296 Rafael DF, MF 6 0 (0)
0%
411 Rasmus Kristensen DF 5 0 (1)
0%
650 Reinier MF, FW 2 0 (0)
0%
589 Rémy Cabella MF, FW 3 1 (0)
0%
590 Rifat Zhemaletdinov MF, FW 3 0 (1)
0%
507 Riqui Puig MF, FW 4 0 (0)
0%
412 Róbert Mak MF, FW 5 0 (0)
0%
651 Roko Baturina FW 2 0 (0)
0%
509 Romain Del Castillo MF, FW 4 0 (0)
0%
652 Romain Salin GK 2 0 (0)
0%
591 Romário Baró MF, FW 3 0 (0)
0%
653 Rúben Vinagre DF, MF, FW 2 0 (0)
0%
654 Ruslan Kambolov DF, MF 2 0 (0)
0%
719 Ruslan Neshcheret GK 1 0 (0)
0%
301 Ruud Vormer MF 6 1 (2)
0%
720 Sam Lammers MF, FW 1 0 (0)
0%
512 Sardar Azmoun MF, FW 4 0 (0)
0%
593 Sean Klaiber DF, MF 3 0 (0)
0%
415 Sebastián Driussi MF, FW 5 1 (0)
0%
305 Sekou Koita MF, FW 6 0 (1)
0%
722 Sergei Petrov DF, MF 1 0 (0)
0%
656 Sergio Arribas MF, FW 2 0 (0)
0%
723 Sergio Camello FW 1 0 (0)
0%
596 Sergio Escudero DF, MF 3 0 (0)
0%
724 Serhiy Kryvtsov DF 1 0 (0)
0%
513 Serhiy Sydorchuk MF 4 0 (0)
0%
515 Shoya Nakajima MF, FW 4 0 (0)
0%
597 Siebe Schrijvers MF, FW 3 0 (0)
0%
308 Somália DF, MF, FW 6 0 (0)
0%
598 Stanislav Magkeev DF, MF 3 0 (0)
0%
657 Ștefan Radu DF 2 0 (0)
0%
726 Steffen Tigges MF, FW 1 0 (0)
0%
418 Steven Nzonzi MF 5 0 (0)
0%
727 Szymon Czyż MF 1 0 (0)
0%
519 Taison MF, FW 4 0 (0)
0%
521 Taras Stepanenko MF 4 0 (0)
0%
312 Tetê MF, FW 6 1 (1)
0%
729 Thomas Van den Keybus DF, MF 1 0 (0)
0%
730 Timothee Pembele DF 1 0 (0)
0%
658 Timothy Fosu-Mensah DF 2 0 (0)
0%
313 Tokmac Nguen MF, FW 6 1 (1)
0%
659 Tomáš Vaclík GK 2 0 (0)
0%
314 Tomasz Kędziora DF 6 0 (1)
0%
731 Tommy Doyle MF 1 0 (0)
0%
421 Tonny Vilhena MF 5 0 (1)
0%
600 Tony Jantschke DF, MF 3 0 (0)
0%
660 Tudor Băluță MF 2 0 (0)
0%
315 Tyler Adams DF, MF 6 0 (0)
0%
422 Valentino Lazaro DF, MF, FW 5 0 (1)
0%
316 Valentin Rongier DF, MF 6 0 (0)
0%
423 Valère Germain MF, FW 5 0 (0)
0%
317 Valerii Bondar DF 6 0 (0)
0%
523 Viktor Claesson MF, FW 4 0 (1)
0%
601 Viktor Korniienko DF 3 0 (1)
0%
602 Viktor Kovalenko MF, FW 3 0 (0)
0%
427 Viktor Tsyhankov MF, FW 5 2 (0)
0%
732 Vitali Lystsov DF 1 0 (0)
0%
524 Vitaliy Buyalskyi MF, FW 4 0 (0)
0%
525 Vitaliy Mykolenko DF 4 0 (0)
0%
603 Vitaly Lisakovich MF, FW 3 1 (0)
0%
604 Vitão DF 3 0 (0)
0%
605 Vitolo MF, FW 3 0 (0)
0%
428 Vladislav Ignatyev DF, MF, FW 5 0 (0)
0%
318 Vladyslav Supriaha MF, FW 6 0 (0)
0%
526 Volodymyr Shepelyev MF 4 0 (0)
0%
527 Vyacheslav Karavayev DF 4 0 (0)
0%
528 Wanderson MF, FW 4 1 (0)
0%
179 Wesley Hoedt DF 7 0 (0)
0%
530 Yann Gboho MF, FW 4 0 (0)
0%
321 Yann M'Vila DF, MF 6 0 (0)
0%
322 Yaroslav Rakitskiy DF 6 0 (1)
0%
606 Yegor Sorokin DF 3 0 (0)
0%
432 Yevgeni Chernov DF 5 0 (0)
0%
661 Yevgeni Gorodov GK 2 0 (0)
0%
733 Yevgeni Markov FW 1 0 (0)
0%
433 Youssef El-Arabi FW 5 0 (0)
0%
734 Youssoufa Moukoko MF, FW 1 0 (0)
0%
662 Youssouph Badji MF, FW 2 0 (0)
0%
434 Yuri Gazinskiy MF 5 0 (0)
0%
607 Yuri Zhirkov DF, MF 3 0 (0)
0%
663 Yuto Nagatomo DF 2 0 (0)
0%
735 Zack Steffen GK 1 0 (0)
0%
435 Zakaria Labyad MF, FW 5 0 (0)
0%
323 Zlatko Junuzović MF, FW 6 1 (1)
0%
No matching quizzes found
Score Distribution
Percent of People with Each Score
Percentile by Number Answered
Your Score History
You have not taken this quiz